000 006540000a22001210004500
100 1 _aTamayo Valencia, Alfonso
245 1 0 _aFundamentos de la enseñanza por ciclos
300 _anúm.38 (Abr. - May. , 2009), P. 24 - 29
520 _aSe propone un modelo de formación integrado y el diseño de escenarios posibles para una reestructuración orientada a supera las visiones fragmentadas del conocimiento, una propuesta curricular con enfoque constructivista y las herramientas didácticas que le dan sentido y significado a la practica pedagógica.
650 1 4 _aPEDAGOGIA
773 0 _tRevista internacional magisterio : educación y ped
942 _cANA
999 _c62950
_d62950